Tiếng việt 1 T.2
Gespeichert in:
| 1. Verfasser: | |
|---|---|
| Weitere Verfasser: | |
| Format: | Buch |
| Sprache: | Undetermined |
| Veröffentlicht: |
H.
Giáo dục
2008
|
| Schlagworte: | |
| Online Zugang: | http://lrc.tdmu.edu.vn/opac/search/detail.asp?aID=2&ID=4354 |
| Tags: |
Tag hinzufügen
Keine Tags, Fügen Sie den ersten Tag hinzu!
|
| Thư viện lưu trữ: | Trung tâm Học liệu Trường Đại học Thủ Dầu Một |
|---|
| LEADER | 00680nam a2200217Ia 4500 | ||
|---|---|---|---|
| 001 | TDMU_4354 | ||
| 008 | 210410s9999 xx 000 0 und d | ||
| 082 | |a 495.922072 | ||
| 090 | |b Đ106 | ||
| 100 | |a Đặng, Thị Lanh | ||
| 245 | 0 | |a Tiếng việt 1 | |
| 245 | 0 | |c Đặng Thị Lanh | |
| 245 | 0 | |n T.2 | |
| 260 | |a H. | ||
| 260 | |b Giáo dục | ||
| 260 | |c 2008 | ||
| 300 | |a 268tr | ||
| 650 | |a Tiếng việt |x Giảng dạy và học tập; Sách giáo viên lớp 1 | ||
| 700 | |a Hoàng, Cao Cương | ||
| 856 | |u http://lrc.tdmu.edu.vn/opac/search/detail.asp?aID=2&ID=4354 | ||
| 980 | |a Trung tâm Học liệu Trường Đại học Thủ Dầu Một | ||